00531nam a22001937a 4500003000400000005001700004008004100021010001300062020002300075040000600098050001100104082001100115100001600126245005600142260004500198270005200243300001800295700002400313dpl20200128160050.0200128b ||||| |||| 00| 0 eng d aB-129784 a0195666224c475.00 c0 aNbDIV aNbDIV aDiver, Maud aLilamanibA Study In Possibilities/cMaud DiverhEN aNew DelhibOxford University Pressc2004 aYMCA Library BuildingbNew DelhidIndiae110001 a363p.c18cms. aEd. by Crane, Ralph